| 000 | 00769nam a2200277Ia 4500 | ||
|---|---|---|---|
| 001 | Para_1769 | ||
| 003 | CHAP | ||
| 008 | 220125sc199 xx 000 0 und d | ||
| 010 | _a200401 | ||
| 040 | _cCHAP | ||
| 082 | _aPA 589.9 G6 | ||
| 100 |
_aGoto, Masao _9165265 |
||
| 245 |
_aFundamentals of bacterial plant pathology / _c by Masao Goto |
||
| 260 |
_aSan Diego, California : _b Academic Press |
||
| 300 | _a342 p. | ||
| 650 |
_aBacterias fitopatógenas _99326 |
||
| 650 |
_aFitopatología _941161 |
||
| 650 |
_aPlantas _x enférmedades por bacteria _9165173 |
||
| 901 | _aPA 589.9 G6 | ||
| 902 | _aA | ||
| 905 | _a000000c1992 a 0000000000 00 | ||
| 910 | _ac199 | ||
| 942 | _cPARA | ||
| 942 |
_cPARA _d1 |
||
| 999 |
_c200401 _d200401 |
||